01001cam a2200241 a 450000100100000000500170001000800410002702000150006804000300008308200170011310000280013024501620015826000710032030000270039150400510041865100630046965000350053261000380056760000440060560000420064970000330069170000350072400001055420200929162240.0990520s1996 sp a b 000 0 spa  a847820332X aDO-SdBNPbspacDLCdBNPHU a929.6bM379h1 aMartín-Bueno, Manuel.13aLa heráldica de Pedro IV y Juan I en el Palacio Real de la Aljafería /cManuel Martín-Bueno, J. Carlos Sáenz Preciado y Alfonso Monforte Espallargas. aZaragoza, España :bInstitución Fernando el Católico,c1996. a96 p. :bil. ;c30 cm. aIncluye Referencias bibliográficas p. 65-67. 4aAragón (España{Rpara}xReyes Y GobernatesxHeráldica 4aHeráldicazAragón España24aALJAFERÍA (ZARAGOZA, ESPAÑA).14aPEDRObIV,cREY DE ARAGÓNd131?-1387.14aJUANbI,cREY DE ARAGÓNd1350-1396.1 aSáenz Preciado, J. Carlos.1 aMonforte Espallargas, Alfonso.